00814nab a2200241 uc450000100070000000500170000700800410002403500110006503500210007604000130009704100080011010000260011824500870014465000140023165000330024565000170027865000270029565000210032265000310034370000270037470000280040177301430042964987720241106091240.0010303e19980115 eng  a649877 a(OCoLC)819898500 ccomduadb aeng10aCobo, E. O.4auteaut10aSimulation of fixed bed electrochemical reactors under limiting current conditions aReactores 7aReactores químicos2armarc aSimulación 7aElectrostática2lemb aElectroquímica 7aTratamiento del agua2lemb10aBisang, J.M.4auteaut10aBessone, J.B.4auteaut0 tInvestigación Aplicada Latino Americana (Bahía Blanca, Argentina)gVol. 28, No. 01-02, Ene. 1998, p. 95-100w495513x0327-07930123981